Fade- Lewis Capaldi Lyrics - Statistics

General Stats
  • This quiz has been taken 16 times
  • The average score is 246 of 318
Answer Stats
Answer % Correct
a
100%
away
100%
control
100%
fade
100%
hard
100%
I
100%
I'm
100%
in
100%
It
100%
it
100%
It's
100%
lose
100%
me
100%
my
100%
no
100%
of
100%
on
100%
so
100%
So
100%
the
100%
way
100%
we
100%
Well
100%
When
100%
when
100%
why
100%
wonder
100%
you
100%
You
100%
your
100%
about
75%
ain't
75%
air
75%
all
75%
And
75%
and
75%
But
75%
can't
75%
caught
75%
come
75%
day
75%
demons
75%
don't
75%
Don't
75%
end
75%
every
75%
fool
75%
for
75%
fucking
75%
Guess
75%
heart
75%
holding
75%
I'd
75%
just
75%
know
75%
lost
75%
love
75%
lungs
75%
need
75%
now
75%
out
75%
pass
75%
point
75%
ripping
75%
somebody
75%
such
75%
that
75%
That
75%
To
75%
to
75%
told
75%
up
75%
We're
75%
wish
75%
Wish
75%
without
75%
always
50%
astray
50%
attack
50%
be
50%
been
50%
believe
50%
break
50%
empty
50%
falling
50%
far
50%
from
50%
Girl
50%
got
50%
hardly
50%
leading
50%
make
50%
more
50%
near
50%
Running
50%
tell
50%
this
50%
truth
50%
we've
50%
would've
50%
No matching quizzes found
Score Distribution
Percent of People with Each Score
Percentile by Number Answered
Your Score History
You have not taken this quiz